Report on improved agricultural implements in Maharashtra State. (Record no. 87288)
[ view plain ]
| 000 -LEADER | |
|---|---|
| fixed length control field | 00645cam a2200205 4500 |
| 001 - CONTROL NUMBER | |
| control field | sa 68016754 |
| 003 - CONTROL NUMBER IDENTIFIER | |
| control field | DLC |
| 005 - DATE AND TIME OF LATEST TRANSACTION | |
| control field | 20260227112657.0 |
| 008 - FIXED-LENGTH DATA ELEMENTS--GENERAL INFORMATION | |
| fixed length control field | 710414s1967 ii 00000 eng |
| 010 ## - LIBRARY OF CONGRESS CONTROL NUMBER | |
| LC control number | sa 68016754 //r85 |
| 025 ## - OVERSEAS ACQUISITION NUMBER | |
| Overseas acquisition number | PL480:I-E-9441 |
| 043 ## - GEOGRAPHIC AREA CODE | |
| Geographic area code | a-ii--- |
| 050 0# - LIBRARY OF CONGRESS CALL NUMBER | |
| Classification number | S760.I4 |
| Item number | A543 |
| 110 10 - MAIN ENTRY--CORPORATE NAME | |
| Corporate name or jurisdiction name as entry element | India (Republic). |
| Subordinate unit | Committee on Plan Projects. |
| -- | Agriculture Team. |
| 245 10 - TITLE STATEMENT | |
| Title | Report on improved agricultural implements in Maharashtra State. |
| 260 1# - PUBLICATION, DISTRIBUTION, ETC. | |
| Place of publication, distribution, etc. | New Delhi, |
| Date of publication, distribution, etc. | 1965 [i.e. 1967] |
| 300 ## - PHYSICAL DESCRIPTION | |
| Extent | 85 p. |
| Dimensions | 25 cm. |
| 650 #0 - SUBJECT ADDED ENTRY--TOPICAL TERM | |
| Topical term or geographic name entry element | Agricultural implements |
| Geographic subdivision | India |
| -- | Maharashtra. |
| 650 #0 - SUBJECT ADDED ENTRY--TOPICAL TERM | |
| Topical term or geographic name entry element | Agriculture |
| Geographic subdivision | India |
| -- | Maharashtra. |
No items available.